000 03496nab a2200337 i 4500
003 BR-BrBNA
005 20250203112715.0
008 250203b2016 bl.|r|pooa||| 00| 0 por |
040 _aBR-BrBNA
_bpor
072 _aL73
_b5400
072 _aL70
100 _aOrtiz, B.C.
100 _aOliveira, C.M.
100 _aTeixeira, L.G.
100 _aKoch, M.C.
100 _aMuller, V.S.
245 _aTorção esplênica primária em um cão: relato de caso
500 _aPublicação online; 12 ref.; 4 illus.; Summaries (En, Pt)
520 _a RESUMO - A torção esplênica isolada ou primária é uma enfermidade de ocorrência rara em cães, caracterizada pela torção do pedículo esplênico, sem que haja outra enfermidade concomitante. Os sinais clínicos e os exames laboratoriais são inespecíficos, porém a ultrassonografia, juntamente com o uso de Doppler colorido, tem sido importante para sugerir o diagnóstico, que é confirmado por meio de laparotomia exploratória. Este estudo relata o caso de um cão da raça Bulldog campeiro, cinco anos de idade, muito ativo, que recebia alimentação apenas uma vez ao dia. Este foi atendido no Hospital Veterinário da Universidade Luterana do Brasil (HV-Ulbra), com histórico de prostração, emagrecimento e anorexia intermitente havia 10 dias. Neste caso relatado, o exame ultrassonográfico com Doppler colorido foi imprescindível para o diagnóstico, que pôde ser confirmado posteriormente pela laparotomia exploratória. Na celiotomia, observou-se o baço aumentado e rotacionado, envolto com o omento, e ambos encontravam-se desvitalizados. Por essa razão, foram realizados os procedimentos de esplenectomia total e omentectomia parcial da porção acometida. Palavras-chave: cão, baço, torção, ultrassonografia, laparotomia
520 _a ABSTRACT - The individual or primary splenic torsion is a rare disease occurrence in dogs characterized by twisting the splenic pedicle, without any other concomitant disease. Clinical signs and laboratory tests are nonspecific, however, ultrasonography, along with the use of color Doppler, has been important to suggest the diagnosis is confirmed through exploratory laparotomy. This study reports the case of a 5-year-old very active male Bulldog Campeiro, who received food once a day, which was attended at the Veterinary Hospital of Universidade Luterana do Brasil (HV ULBRA) with a history of prostration, weight loss and intermittent anorexia during 10 days. Ultrasonography with color Doppler exam was essential for the diagnosis, which could be confirmed later by exploratory laparotomy. In celiotomy it was observed the spleen increased in size and rotated, wrapped with omentum and both were found devitalized. For this reason, the procedures of total splenectomy and partial omentectomy of the affected portion were performed. Keyword: dog, spleen,torsion, ultrasonography, laparotomy
650 _aCÃO
650 _aDOENÇA ANIMAL
650 _aULTRASSOM
650 _aBAÇO
650 _aDIAGNÓSTICO
650 _aLAPAROTOMIA
773 0 _01643
_9348181
_dBelo Horizonte-MG Universidade Federal de Minas Gerais - Escola de Veterinaria 1983
_o2025-0670
_tArquivo Brasileiro de Medicina Veterinária e Zootecnia (Brazil)
_x0102-0935
_gv. 68(5) p. 1195-1200; (2016)
_wBR2024004651
856 _uhttps://www.scielo.br/j/abmvz/a/xqkjZS5zLcy5cXJgXbccJBv/?format=pdf&lang=pt
942 _cANA
999 _c329787
_d329787